000 00350nam a2200145Ia 4500
008 240729s9999 xx 000 0 und d
022 _a2076-0817
245 0 _aPathogens
260 _aSwitzerland
260 _bMDPI AG
650 _aMedicine
856 _uhttps://doaj.org/toc/775f8585b7f94f1799f36b860f2a594c
942 _2ddc
942 _cDOAJEJ
999 _c74456
_d74456
945 _a1
_bMadushi Gamage
_c1
_dMadushi Gamage